000 00962cam a2200277 i 4500
001 42738
005 20230410120743.0
008 070912b1968 sp a 000 0 spa
041 0 _aspa
050 1 4 _aHV 6245
_bJ52v 1968
082 0 0 _a364.15
100 1 _aJenkis, John
245 1 3 _aLa verdadera historia de Bonnie and Clyde /
_cpor John Jenkis ; con un estudio sobre la versión cinematográfica de Miguel Angel Olea, y dos apéndices fotográficos de los hechos reales y del film.
250 _a2a ed.
260 _aBilbao :
_bMartin de Renata ,
_c1968
300 _a150 p. :
_bill. ;
_c20 cm.
440 0 _aColección reportaje-documento ;
_v2
500 _aTít. orig. The true story of Bonnie and Clyde.
600 1 0 _aBarrow, Clyde,
_d1909-1934.
600 1 0 _aParker, Bonnie,
_d1910-1934.
650 4 _aCriminals
_zTexas
_vBiography.
700 1 _aOlea, Miguel Angel.
700 1 _aXandró, Mauricio.
942 _2lcc
_cbk
946 _aYSepulveda
999 _c51199
_d51199